000 00528nam a2200181Ia 4500
003 GCL
008 140319s9999 xx 000 0 ara d
040 _aGCL /
_cGCL
082 0 4 _a340
_bا م
100 1 _aانور السلطان
245 1 0 _aالمبادىء القانونية العامة لطلبة كلية التجارة /
_cانور السلطان
300 _a446 ص
490 _a100 قصة
_v0
650 0 4 _aالقانون
650 0 4 _aالتشريع
650 0 4 _aتطبيق القانون
942 _2ddc
_cBK
999 _c45832
_d45832